Encyclopedia of environmental pollution and cleanup

Uloženo v:
Podrobná bibliografie
Hlavní autor: ROBERT A MEYERS
Médium: Kniha
Jazyk:Undetermined
Vydáno: New York John Wiley and Sons 1999
Témata:
Tagy: Přidat tag
Žádné tagy, Buďte první, kdo otaguje tento záznam!
Thư viện lưu trữ: Trung tâm Học liệu Trường Đại học Cần Thơ
LEADER 00555nam a2200169Ia 4500
001 CTU_50494
008 210402s9999 xx 000 0 und d
082 |a 628.521 
082 |b M613/Vol.2 
100 |a ROBERT A MEYERS 
245 0 |a Encyclopedia of environmental pollution and cleanup 
245 0 |c ROBERT A MEYERS, DIANE KENDER DITTRICK 
260 |a New York 
260 |b John Wiley and Sons 
260 |c 1999 
650 |a environmental protection - encyclopedias,pollution - encyclopedias 
980 |a Trung tâm Học liệu Trường Đại học Cần Thơ